|
|
|
|
| LEADER |
00000nam a2200000 a 4500 |
| 001 |
vtls001404195 |
| 003 |
SK-MaSNL |
| 005 |
20260301120138.0 |
| 008 |
240313s2000 xo a r y 0 slo |
| 015 |
|
|
|a SNBA2001/03-00772
|
| 020 |
|
|
|a 8088908663
|
| 035 |
|
|
|a SNK000358763
|
| 035 |
|
|
|a urn:nbn:sk:snk-amkm76
|
| 035 |
|
|
|a urn:nbn:sk:snk-am008iel
|
| 035 |
|
|
|a 6B963F64-9893-4FD1-AFE7-1143E24954EC
|
| 040 |
|
|
|a SNK
|b slo
|c SNK
|e AACR2
|
| 041 |
0 |
|
|a slo
|
| 044 |
|
|
|a xo
|c SK
|
| 080 |
|
|
|a 269(075.8)
|2 1981
|
| 100 |
1 |
|
|a Bučko, Ladislav,
|d 1959-
|4 aut
|9 12541
|
| 245 |
1 |
0 |
|a Misiológia
|n 2
|p Teologické základy misijnej činnosti Cirkvi
|c Ladislav Bučko
|
| 260 |
|
|
|a [Bratislava
|b Slovak Academic Press]
|c 2000
|
| 300 |
|
|
|a 111 s.
|c 24 cm
|
| 504 |
|
|
|a Bibliogr. s. 109-111
|
| 650 |
0 |
7 |
|a misiológia
|2 SNKPH
|9 20224
|
| 655 |
|
7 |
|a učebnice
|2 SNKPH
|9 22521
|
| 919 |
|
|
|a 80-88908-66-3
|
| 958 |
|
|
|a TL
|
| 958 |
|
|
|a NT
|
| 958 |
|
|
|a NB
|
| 958 |
|
|
|a UV
|
| 999 |
|
|
|c 724866
|d 726796
|
| 952 |
|
|
|t P60, <03>, [BOOK], {603}
|a SNK
|b SNK
|y PREZ
|7 0
|p 17A0264678
|o snkSC 100723/2
|i snkKSP 420/2001
|0 0
|1 0
|4 0
|d 2001-01-09
|f 1
|l 0
|r 2025-09-19 00:00:00
|w 2026-02-23
|
| 952 |
|
|
|t P60, <04>, [BOOK], {604}
|a SNK
|b SNK
|y VYP
|7 0
|p 17A0264679
|o snkSC 100723/2 D1
|i snkKSP 421/2001
|0 0
|1 0
|4 0
|d 2001-01-09
|l 0
|r 2005-01-02 00:00:00
|w 2026-02-23
|